Polskie kluby po opisie - Statystyki

Ogólne statystyki
  • Ten quiz został rozwiązany 64 razy
  • Średni wynik to 12 z 15
Statystyki odpowiedzi
Podpowiedź Klub ekstraklasy % Poprawnych
Pochodzi z stolicy kraju Legia Warszawa
100%
Jest on obecnym mistrzem Polski, gra w ćwierćfinale ligi konferencji Jagiellonia Białystok
96%
Ten klub w tym sezonie zagrał w europejskich pucharach chociaż jest pierwszoligowcem Wisła Kraków
94%
Jest to jedyny reprezentant Krakowa w ekstraklasie Cracovia
90%
Klub ten gra obecnie na stadionie Śląskim Ruch Chorzów
90%
Ten klub z Trójmiasta gra obecnie w ekstraklasie Lechia Gdańsk
88%
Jedyny reprezentant województwa lubelskiego w tym sezonie ekstraklasy Motor Lublin
82%
Z obecnych klubów ekstraklasy ten znajduję się najbliżej granicy z Niemcami Pogoń Szczecin
78%
Ten klub zdobył grający w ekstraklasie 14 razy mistrzostwo Polski Górnik Zabrze
76%
Ten klub z ekstraklasy gra na stadionie, który znajduje się na ulicy Nowa Bukowa 1 GKS Katowice
73%
Mistrz Polski, który obecnie znajduje się na terytorium Ukrainy Pogoń Lwów
73%
Obecnie jest nazywany „królem remisów“, zdobył kiedyś mistrzostwo Polski Piast Gliwice
69%
Jest to jedyny klub z Podkarpacia w przeszłości zdobywał dwa razy mistrzostwo Polski Stal Mielec
67%
Ten klub ze Śląska były mistrz Polski, nie znajduje się w aglomeracji śląskiej (Katowice, Sosnowiec, Chorzów, itd.) Raków Częstochowa
63%
Jego trenerem jest najdłużej z klubów ekstraklasy pracujący trener - Tomasz Tułacz Puszcza Niepołomice
45%
Nie znaleziono quizów pasujących do podanych kryteriów
Rozkład punktacji
Procent ludzi z każdym wynikiem
Percentyl według liczby udzielonych odpowiedzi
Twoja historia wyników
Nie rozwiązałeś tego quizu